Championship 25/26 Logos - Statistics

General Stats
  • This quiz has been taken 21 times
  • The average score is 20 of 24
Answer Stats
Picture Answer % Correct
Derby
100%
Leicester
100%
Millwall
100%
Hull
95%
Ipswich
95%
Norwich
95%
Southampton
95%
Swansea
95%
Watford
95%
Birmingham
90%
Coventry
86%
Sheffield United
86%
Stoke
86%
Blackburn
81%
Middlesbrough
81%
West Brom
81%
Wrexham
81%
Oxford
76%
Portsmouth
76%
Sheffield Wednesday
71%
Bristol City
62%
Preston North End
62%
Queens Park Rangers
62%
Charlton
57%
No matching quizzes found
Score Distribution
Percent of People with Each Score
Percentile by Number Answered
Your Score History
You have not taken this quiz